The epidemiology of childhood psychiatric disorders: prevalence findings from recent studies

Gespeichert in:  
Bibliographische Detailangaben
VerfasserInnen: Brandenburg, N. A. (Verfasst von) ; Friedman, R. M. (Verfasst von) ; Silver, S. E. (Verfasst von)
Medienart: Druck Aufsatz
Sprache:Englisch
Veröffentlicht: 1990
In: Journal of the American Academy of Child Psychiatry
Jahr: 1990, Band: 29, Heft: 1, Seiten: 76-83
Verfügbarkeit prüfen: HBZ Gateway
Schlagwörter:

MARC

LEADER 00000caa a22000002c 4500
001 1636637493
003 DE-627
005 20220608112922.0
007 tu
008 140224s1990 xx ||||| 00| ||eng c
035 |a (DE-627)1636637493 
035 |a (DE-576)401575799 
035 |a (DE-599)BSZ401575799 
040 |a DE-627  |b ger  |c DE-627  |e rakwb 
041 |a eng 
100 1 |a Brandenburg, N. A.  |4 aut 
245 1 4 |a The epidemiology of childhood psychiatric disorders  |b prevalence findings from recent studies  |c N. A. Brandenburg; R. M. Friedman; S. E. Silver 
264 1 |c 1990 
336 |a Text  |b txt  |2 rdacontent 
337 |a ohne Hilfsmittel zu benutzen  |b n  |2 rdamedia 
338 |a Band  |b nc  |2 rdacarrier 
700 1 |a Friedman, R. M.  |4 aut 
700 1 |a Silver, S. E.  |4 aut 
773 0 8 |i In  |a American Academy of Child Psychiatry  |t Journal of the American Academy of Child Psychiatry  |d Chicago [u.a.], 1962  |g 29(1990), 1, Seite 76-83  |w (DE-627)166550337  |w (DE-600)221071-X  |w (DE-576)015016315  |x 0002-7138  |7 nnas 
773 1 8 |g volume:29  |g year:1990  |g number:1  |g pages:76-83 
951 |a AR 
ELC |b 1 
LOK |0 000 xxxxxcx a22 zn 4500 
LOK |0 001 3294203861 
LOK |0 003 DE-627 
LOK |0 004 1636637493 
LOK |0 005 20140224085854 
LOK |0 008 140224||||||||||||||||ger||||||| 
LOK |0 040   |a DE-21-110  |c DE-627  |d DE-21-110 
LOK |0 689   |a s  |a Psychiatrische Erkrankungen 
LOK |0 689   |a s  |a Kinder 
LOK |0 852   |z Kein Bestand am IfK; Nachweis für KrimDok 
LOK |0 852   |a DE-21-110 
LOK |0 852 1  |m v  |9 00 
LOK |0 935   |a k110 
LOK |0 938   |k v 
LOK |0 939   |a 24-02-14  |b l01 
ORI |a SA-MARC-krimdoka001.raw